000 01464naa a22003737a 4500
001 BR6006727
003 BR-BrBNA
005 20240918172918.0
007 ta
008 230509b bl.||||| |||| 00| 0 por d
040 _aBR-BrBNA
_bpor
_cBiblioteca Nacional de Agricultura
041 _a(Pt)
072 _aF25; F60
_b3840
_b2110
_b2480
_b3830
090 _aF25 BR6006727
100 1 _aSantana, M.B.M.
100 1 _aRosand, P.C.
100 1 _aMiranda, E.R. de
111 1 _a9. Reuniao Brasileira de Fertilidade do Solo
_cBelo Horizonte, MG (Brazil)
_d15 Oct 1974
245 1 _aEfeito da concentracao de aluminio sobre o desenvolvimento de plantulas de cacau e seringueira [Theobroma cacao; Hevea brasiliensis]
260 3 _aItabuna, BA (Brasil):
_c1974.
500 _aComunicacoes da equipe de fertilidade do Centro de Pesquisas do Cacau apresentadas na 9. Reuniao Brasileira de Fertilidade do Solo Itabuna, BA (Brasil): 1974. p. 44-48 (BR6006727-AM)F25
650 _aFertilizante
650 _aNutricao vegetal
650 _aAluminio
650 _aCacau
650 _aSeringueira
650 _aFosforo
650 _aToxidez
650 _aCrescimento
650 _aPlantula
773 0 _tComunicacoes da equipe de fertilidade do Centro de Pesquisas do Cacau apresentadas na 9. Reuniao Brasileira de Fertilidade do Solo
_wF25 BR6006727
_gItabuna, BA (Brasil), 1974. p. 44-48
909 _a202404
_bLucia
_c55
_dLucia Elande
942 _cAM
_2AGRIS
999 _c302036
_d302036